An evaluation of social networks as a marketing tool for organizational products and services in selected telecommunication service providers in Kenya /

Sparad:
Bibliografiska uppgifter
Huvudupphov: Muthiani, Berlinda N.
Materialtyp: Bok
Språk:engelska
Utgiven: Nairobi, Kenya : Daystar University, 2012.
Ämnen:
Taggar: Lägg till en tagg
Inga taggar, Lägg till första taggen!

MARC

LEADER 00000cam a22000002 4500
001 0000057035
003 Daystar
005 20171002023937.0
008 131017s xx 000 0 eng d
040 |a Daystar  |d Dmoga 
050 1 |a HF5415  |b .M88 
100 1 |a Muthiani, Berlinda N. 
245 1 3 |a An evaluation of social networks as a marketing tool for organizational products and services in selected telecommunication service providers in Kenya /  |c Berlinda N. Muthiani. 
260 |a Nairobi, Kenya :  |b Daystar University,  |c 2012. 
300 |a xi, 80p. 
500 |a A thesis presented to the School of Business and Economics of Daystar University in partial fulfilment of the requirements for the degree of Master of Business Administration in Marketing. 
504 |a Includes bibliographical references and index. 
650 0 |a Internet marketing. 
650 0 |a Online social networks  |x Marketing  |z Kenya. 
650 0 |a Social networks  |x Marketing. 
908 |a 131017 
942 |c THES 
952 |0 0  |1 0  |2 lcc  |4 0  |6 HF5415 M88 02012  |7 0  |9 80402  |a DUN  |b DUN  |c AFR  |d 2017-09-28  |g 0.00  |l 0  |o HF5415.M88 2012  |p BK94429  |r 2017-09-28 00:00:00  |w 2017-09-28  |x 94429  |y THES 
989 |a 1488783258 
999 |c 41014  |d 41014